=LDR 00000nam 2200000 4500 =001 INLIS000000000034091 =005 20130612140017 =008 ***********************************ind** =035 ##$$0010-061300000034091 =041 ##$$a ind =082 ##$$a 634.74 =090 ##$$a 634.74, Suh p =100 ##$$a Suhaeni, Neni =245 ##$$a Petunjuk praktis menanam lengkeng, Neni suhaeni;Editor, Mt =260 ##$$a 2007 $b Bandung =300 ##$$a 60 hlm, Ilus, 21 cm =650 ##$$a Lengkeng - Budidaya =700 ##$$a Adiel Mt =850 ##$$a NBPNMAT =990 ##$$a 14191419 =990 ##$$a 21006014 =990 ##$$a 21006014